000 00294 a2200145 4500
001 164233
020 _a
040 _cMagnum
100 _a-
240 1 0 _aO concerto das galinhas
_lpor
245 1 0 _aO concerto das galinhas
362 0 _a1899
697 _aI/FADAS, FANTASIA
942 _cBK
999 _c164233
_d164233